Récompenses Rap de l'année aux Flammes 2023 - Statistiques

Statistiques générales
  • Ce quiz a été pris 84 fois
  • Le résultat moyen est 9 sur 20
Statistiques - réponses
Prix Artistes % Correct
album de l'année gazo
82%
artiste masculin de l'année Gazo
82%
Damso
71%
artiste féminin de l'année Aya Nakamura
66%
Album nouvelle pop de l'année Tiakola
66%
Tiakola
66%
Morceau Afro de l'année Tiakola
66%
révélation masculine de l'année Werenoi
57%
morceau R&B de l'année Hamza
54%
Morceau caraïbéen de l'année Kalash
43%
album rap de l'année Dinos
40%
Morceau de l'année Josman
32%
clip de l'année Josman
32%
cover de l'année Josman
32%
Featuring de l'année Disiz
28%
concert de l'année Laylow
25%
révélation féminine de l'année Ronisia
24%
morceau de performance rap de l'année Dosseh
12%
Maureen
10%
compositeur de l'année Tarrik Azzouz
1%
Aucun quiz correspondant
Distribution des résultats
% des personnes avec chaque résultat
Percentile par nombre de réponses
Votre historique - résultats
Vous n’avez pas pris ce quiz